• 首页
  • 本馆介绍
  • 公告通知
  • 最新文献
  • 馆藏检索
  • 电子资源
  • 读者导购
  • 参考咨询
  • 我的图书馆
  • 登录
  • 详细信息显示
  • 放入我的书架
  • 预约/预借图书
  • 作者相关作品
  • 分类相关作品
  • 丛书相关作品
  • 出版社相关作品

书目信息

  • 表格格式
  • 工作单格式
  • 卡片格式
题名:
体育俱乐部的经营与管理
    
 
作者: 刘平江 主编
分册:  
出版信息: 北京   北京航空航天大学出版社  2014.07
页数: 200页
开本: 23cm
丛书名:
单 册:
中图分类: G812.3
科图分类:
主题词: 体育--俱乐部--经营管理--中国--高等教育--教材 , 体育 , 俱乐部 , 经营管理
电子资源:
ISBN: 978-7-5124-1450-1
000 01135nam0 2200301 450
001 0120141349147
005 20181030170633.59
010    @a978-7-5124-1450-1@dCNY26.00
100    @a20140723d2014 em y0chiy0110 ea
101 0  @achi
102    @aCN@b110000
105    @aak z 000yy
106    @ar
200 1  @a体育俱乐部的经营与管理@9ti yu ju le bu de jing ying yu guan li@f刘平江主编
205    @a2版
210    @a北京@c北京航空航天大学出版社@d2014.07
215    @a200页@d23cm
300    @a北京市高等教育精品教材立项项目
330    @a本书旨在通过对体育俱乐部的概念、起源、意义、特征、管理和经营等基本概念和基本原理的介绍,结合我国体育俱乐部的现状及体育俱乐部的发展趋势,使学生正确认识体育俱乐部的功能,掌握体育俱乐部管理与经营的运作程序、方法和手段;提高体育俱乐部管理的意识和能力。
333    @a普通高等学校体育及其他专业选修课教材以及社会体育工作者
606 0  @a体育@x俱乐部@x经营管理@y中国@x高等教育@j教材
606 0  @a体育
606 0  @a俱乐部
606 0  @a经营管理
690    @aG812.3@v5
701  0 @a刘平江@9liu ping jiang@4主编
801  0 @aCN@b人天书店@c20140724
905    @b1097854-58@dG812.3@e117=2@f5
    
    体育俱乐部的经营与管理/刘平江主编.-2版.-北京:北京航空航天大学出版社,2014.07
    200页;23cm
    北京市高等教育精品教材立项项目.-使用对象:普通高等学校体育及其他专业选修课教材以及社会体育工作者
    
    ISBN 978-7-5124-1450-1:CNY26.00
    本书旨在通过对体育俱乐部的概念、起源、意义、特征、管理和经营等基本概念和基本原理的介绍,结合我国体育俱乐部的现状及体育俱乐部的发展趋势,使学生正确认识体育俱乐部的功能,掌握体育俱乐部管理与经营的运作程序、方法和手段;提高体育俱乐部管理的意识和能力。
●
相关链接 在E读中查询图书 在五车中查询图书 在当当中查询图书 在豆瓣中查询图书


正题名:体育俱乐部的经营与管理     索取号:G812.3/117=2         预约/预借

序号 登录号 条形码 馆藏地/架位号 状态 备注
1 1097854   210978548   第一样本阅览室/ [索取号:G812.3/117=2] 在馆    
2 1097855   210978557   教育系资料室/ [索取号:G812.3/117=2] 在馆    
3 1097856   210978566   教育系资料室/ [索取号:G812.3/117=2] 在馆    
4 1097857   210978575   第四借阅区/ [索取号:G812.3/117=2] 在馆    
5 1097858   210978584   密集书库-体育系/ [索取号:G812.3/117=2] 在馆    
唐山师范学院图书馆 欢迎您!
大连网信软件有限公司© 版权所有